Muslim Civilization: (Record no. 194976)

MARC details
000 -LEADER
fixed length control field 00616nam a22001817a 4500
005 - DATE AND TIME OF LATEST TRANSACTION
control field 20230206110743.0
010 ## - LCCN (DPL NO)
LC control number ENG-136123
020 ## - INTERNATIONAL STANDARD BOOK NUMBER
Terms of availability 105.00
035 ## - SYSTEM CONTROL NUMBER
System control number EN-119655
037 ## - SOURCE OF ACQUISITION
Source of stock number/acquisition DBAD/PUB
082 ## - DEWEY DECIMAL CLASSIFICATION NUMBER
Classification number 954.008270
100 ## - MAIN ENTRY--PERSONAL NAME
Personal name Chapra, M. Umer
245 ## - TITLE STATEMENT
Title Muslim Civilization:
Remainder of title The Causes of Decline and The Need for Reform/
Statement of responsibility, etc M. Umer Chapra
260 ## - PUBLICATION, DISTRIBUTION, ETC. (IMPRINT)
Place of publication, distribution, etc New Delhi
Name of publisher, distributor, etc Markazi Maktaba Islami Publishers
Date of publication, distribution, etc 2011
270 ## - ADDRESS
Address D-307, Dawat Nagar, Abul Fazl Enclave, Jamia Nagar, Okhla
City New Delhi
Postal code 110025
300 ## - PHYSICAL DESCRIPTION
Extent xxii, 225p.
Other physical details Index
Dimensions 22cm(pbk)
942 ## - ADDED ENTRY ELEMENTS (KOHA)
Source of classification or shelving scheme Dewey Decimal Classification
Item type English Books
Classification part 954.008270
Call number suffix CHA
Holdings
Withdrawn status Lost status Not for loan Collection code Home library Current library Date acquired Source of acquisition Cost, normal purchase price Full call number Barcode Copy number Cost, replacement price Koha item type
      Non-fiction R.K.Puram-8 R.K.Puram-8 06/02/2023 DBAD/PUB 105.00 954.008270 CHA EN-119655 1 105.00 English Books

© Delhi Public Library
Hit Counter
free hit counter